| 000 | 00829 a2200217 4500 | ||
|---|---|---|---|
| 010 | _aENG-85440 | ||
| 020 |
_c100.00 _a8185378096 |
||
| 035 | _aEN-68973 | ||
| 037 | _bD.B.Act / Pub | ||
| 082 | 0 | 0 | _a181.41 |
| 090 |
_c3078 _d3078 |
||
| 245 | 1 |
_aA practical guide to know yourself _ccompiled and edited by A. R. Natarajan _bconversations with Sri Ramana Maharshi |
|
| 250 | _a9th ed | ||
| 260 |
_aBangalore _bRamana Maharshi Centre for Learning _c2005 |
||
| 270 |
_aPost office Road, Sanjay Nagar _bBangalore _e560094 _cKarnataka _k23512639 _mglobalvisionpub@eth.net |
||
| 300 |
_axvi,261 p. _c22 cm. (Pbk) |
||
| 500 | _aIncludes bibliographical references and index | ||
| 700 | _aNatarajan, A. R. | ||
| 942 |
_adpl _cEN _k181.41 / PRA |
||
| 999 |
_c3017 _d3017 |
||